000 00533nam a22002057a 4500
005 20251108173649.0
008 250721s2006 xx 000 0 eng d
020 _a8120732626
082 1 4 _aJ/F/GIU
100 1 _aGiuliani, Alfred
245 1 0 _aMicky Mouse and the Pet Shop /
264 1 _aNEW DELHI :
_bSterling,
_c2006.
300 _a24 P.
490 0 _aWALI DISNY'S
650 1 7 _aFICTION
650 1 7 _aCHILDREN
653 _aمرحلة أطفال متوسطة (6-9 سنوات )
942 _2ddc
_cBK
999 _c109402
_d109402